EL PROCESO DEL CRECIMIENTO ECONOMICO

Na minha lista:
Detalhes bibliográficos
Autor principal: Rostow, Walt Whitman (autor)
Formato: Livro
Tags: Adicionar Tag
Sem tags, seja o primeiro a adicionar uma tag!

MARC

LEADER 00000nam^a2200000^a^4500
001 000211912
005 20250521000000.0
009 20260310103437.347
035 |a 020371 
037 |a Acervo Xavier Clavigero 
082 |a 333.  |b ROS 
100 |a Rostow, Walt Whitman  |e (autor) 
245 1 3 |a EL PROCESO DEL CRECIMIENTO ECONOMICO 
264 |a MADRID :  |b ALIANZA,  |c 1967 
336 |a texto  |b txt  |2 rdacontenido 
337 |a sin mediación  |b n  |2 rdamedio 
338 |a volumen  |b nc  |2 rdasoporte 
649 |a XX 
910 |a Fondo General 
920 |a Impresos - Libros 
930 |a Colección General 
905 |a 101 
901 |a 020371  |b IT1  |c ACC  |i 020371  |u 20250521 
902 |a https://opac.biblio.iteso.mx/vufind/Record/000211912